000 00591nam a2200229Ia 4500
003 OSt
005 20221007103119.0
006 a|||||r|||| 00| 0
007 ta
008 221006b |||||||| |||| 00| 0 eng d
024 _a12,268
037 _cTextual
040 _aLCO
_cLCO
_beng
041 _2eng
_aeng
082 _aZ2,3, N2
100 _aKapoor N.D.
245 0 _aElements of Mercantile Law
260 _aNew
_bDelhi Sultan Chand & Sons India
_c1992
650 _aMERCANTILE LAW
_9402489
942 _hZ2,3, N2
_cTEXL
999 _c1181831
_d1181831